[Event "418 Stay Safe Play From Home series"]
[Site "Emanuel Lasker Arena"]
[Date "2020.08.28"]
[Round "6"]
[White "Fischer_11"]
[Black "Frido-BBB"]
[Result "1-0"]
[WhiteElo "2045"]
[BlackElo "1592"]
[Annotator "NA"]
[PlyCount "57"]
[EventDate "2020.08.28"]
[EventType "swiss (blitz)"]

1. e4 {[%emt 0:00:02]} d5 {[%emt 0:00:01]} 2. a3 {[%emt 0:00:01]} e6 {[%emt 0:00:01]} 3. Nc3 {[%emt 0:00:01]} dxe4 {[%emt 0:00:01]} 4. Nxe4 {[%emt 0:00:01]} f5 {[%emt 0:00:00]} 5. Nc3 {[%emt 0:00:01]} Nf6 {[%emt 0:00:00]} 6. Nf3 {[%emt 0:00:00]} Be7 {[%emt 0:00:01]} 7. d4 {[%emt 0:00:00]} O-O {[%emt 0:00:01]} 8. Bd3 {[%emt 0:00:00]} Nc6 {[%emt 0:00:01]} 9. O-O {[%emt 0:00:00]} Bd7 {[%emt 0:00:01]} 10. Re1 {[%emt 0:00:01]} Be8 {[%emt 0:00:00]} 11. Rxe6 {[%emt 0:00:02]} Bh5 {[%emt 0:00:01]} 12. Bxf5 {[%emt 0:00:04]} Qd7 {[%emt 0:00:03]} 13. Rxf6 {[%emt 0:00:02]} Qd8 {[%emt 0:00:07]} 14. Rxf8+ {[%emt 0:00:01]} Qxf8 {[%emt 0:00:02]} 15. Be6+ {[%emt 0:00:01]} Kh8 {[%emt 0:00:02]} 16. Qd3 {[%emt 0:00:02]} Bg6 {[%emt 0:00:02]} 17. Qe2 {[%emt 0:00:02]} Re8 {[%emt 0:00:01]} 18. d5 {[%emt 0:00:01]} Nd8 {[%emt 0:00:06]} 19. Bg5 {[%emt 0:00:03]} Bd6 {[%emt 0:00:02]} 20. Bxd8 {[%emt 0:00:01]} Rxd8 {[%emt 0:00:01]} 21. Ne4 {[%emt 0:00:00]} Re8 {[%emt 0:00:01]} 22. Nxd6 {[%emt 0:00:01]} cxd6 {[%emt 0:00:00]} 23. c4 {[%emt 0:00:02]} Bh5 {[%emt 0:00:04]} 24. b4 {[%emt 0:00:01]} Qf6 {[%emt 0:00:01]} 25. Re1 {[%emt 0:00:02]} Bxf3 {[%emt 0:00:02]} 26. Qxf3 {[%emt 0:00:01]} Qb2 {[%emt 0:00:02]} 27. g3 {[%emt 0:00:02]} a5 {[%emt 0:00:04]} 28. Qf7 {[%emt 0:00:05]} Qa2 {[%emt 0:00:05]} 29. Qxe8# {[%emt 0:00:01] (Lag: Av=0.54s, max=0.7s) (Lag: Av=0.54s, max=0.7s) (Lag: Av=0.54s, max=0.7s)} 1-0

[Event "418 Stay Safe Play From Home series"]
[Site "Emanuel Lasker Arena"]
[Date "2020.08.28"]
[Round "6"]
[White "Yuriko"]
[Black "AChessPlayer"]
[Result "0-1"]
[WhiteElo "2036"]
[BlackElo "2375"]
[PlyCount "56"]
[EventDate "2020.08.28"]
[EventType "swiss (blitz)"]

1. d4 {[%emt 0:00:01]} c6 {[%emt 0:00:01]} 2. c4 {[%emt 0:00:00]} Nf6 {[%emt 0:00:00]} 3. Nc3 {[%emt 0:00:00]} g6 {[%emt 0:00:00]} 4. e4 {[%emt 0:00:00]} d6 {[%emt 0:00:00]} 5. d5 {[%emt 0:00:01]} Bg7 {[%emt 0:00:01]} 6. Nf3 {[%emt 0:00:00]} O-O {[%emt 0:00:00]} 7. Be2 {[%emt 0:00:00]} Nbd7 {[%emt 0:00:01]} 8. O-O {[%emt 0:00:00]} Nc5 {[%emt 0:00:00]} 9. Qc2 {[%emt 0:00:01]} a5 {[%emt 0:00:01]} 10. a3 {[%emt 0:00:01]} a4 {[%emt 0:00:02]} 11. Re1 {[%emt 0:00:00]} Bg4 {[%emt 0:00:01]} 12. h3 {[%emt 0:00:01]} Bxf3 {[%emt 0:00:01]} 13. Bxf3 {[%emt 0:00:00]} Nb3 {[%emt 0:00:01]} 14. Rb1 {[%emt 0:00:01]} Nd4 {[%emt 0:00:01]} 15. Qd1 {[%emt 0:00:01]} Nd7 {[%emt 0:00:01]} 16. Bg5 {[%emt 0:00:01]} h6 {[%emt 0:00:02]} 17. Be3 {[%emt 0:00:02]} Nxf3+ {[%emt 0:00:01]} 18. Qxf3 {[%emt 0:00:01]} c5 {[%emt 0:00:03]} 19. Qe2 {[%emt 0:00:01]} g5 {[%emt 0:00:05]} 20. Qc2 {[%emt 0:00:01]} Ne5 {[%emt 0:00:01]} 21. Nxa4 {[%emt 0:00:02]} Qa5 {[%emt 0:00:01]} 22. Nc3 {[%emt 0:00:02]} Nxc4 {[%emt 0:00:01]} 23. Nb5 {[%emt 0:00:03]} Qxb5 {[%emt 0:00:01]} 24. b3 {[%emt 0:00:01]} Nxa3 {[%emt 0:00:01]} 25. Qb2 {[%emt 0:00:02]} Bxb2 {[%emt 0:00:02]} 26. Rxb2 {[%emt 0:00:01]} Nc4 {[%emt 0:00:01]} 27. Rbe2 {[%emt 0:00:03]} Nxe3 {[%emt 0:00:00]} 28. Rxe3 {[%emt 0:00:00] Yuriko resigns Yuriko resigns Yuriko resigns (Lag: Av=0.63s, max=1.6s) (Lag: Av=0.63s, max=1.6s) (Lag: Av=0.63s, max=1.6s)} Ra3 {[%emt 0:00:00]} 0-1

[Event "418 Stay Safe Play From Home series"]
[Site "Emanuel Lasker Arena"]
[Date "2020.08.28"]
[Round "6"]
[White "TheCHESSHOUSE"]
[Black "Gokerkan"]
[Result "0-1"]
[WhiteElo "2009"]
[BlackElo "2552"]
[PlyCount "86"]
[EventDate "2020.08.28"]
[EventType "swiss (blitz)"]

1. d4 {[%emt 0:00:01]} g6 {[%emt 0:00:00]} 2. c4 {[%emt 0:00:00]} c5 {[%emt 0:00:00]} 3. d5 {[%emt 0:00:01]} Bg7 {[%emt 0:00:00]} 4. Nc3 {[%emt 0:00:02]} d6 {[%emt 0:00:00]} 5. Bd2 {[%emt 0:00:01]} f5 {[%emt 0:00:01]} 6. Nf3 {[%emt 0:00:02]} Nf6 {[%emt 0:00:01]} 7. h3 {[%emt 0:00:01]} O-O {[%emt 0:00:01]} 8. e3 {[%emt 0:00:01]} e5 {[%emt 0:00:00]} 9. dxe6 {[%emt 0:00:01]} Bxe6 {[%emt 0:00:00]} 10. Be2 {[%emt 0:00:00]} Nc6 {[%emt 0:00:00]} 11. O-O {[%emt 0:00:01]} h6 {[%emt 0:00:00]} 12. Rc1 {[%emt 0:00:01]} Kh7 {[%emt 0:00:01]} 13. Nb5 {[%emt 0:00:01]} a6 {[%emt 0:00:01]} 14. Nc3 {[%emt 0:00:01]} Ne5 {[%emt 0:00:02]} 15. Qc2 {[%emt 0:00:02]} Nxc4 {[%emt 0:00:01]} 16. b3 {[%emt 0:00:04]} Nxd2 {[%emt 0:00:02]} 17. Nxd2 {[%emt 0:00:00]} Qe7 {[%emt 0:00:00]} 18. Bf3 {[%emt 0:00:01]} Rad8 {[%emt 0:00:01]} 19. e4 {[%emt 0:00:01]} fxe4 {[%emt 0:00:01]} 20. Ndxe4 {[%emt 0:00:00]} d5 {[%emt 0:00:01]} 21. Ng3 {[%emt 0:00:06]} b6 {[%emt 0:00:04]} 22. Rfe1 {[%emt 0:00:01]} Qf7 {[%emt 0:00:01]} 23. Rcd1 {[%emt 0:00:05]} d4 {[%emt 0:00:01]} 24. Nce4 {[%emt 0:00:01]} Nd5 {[%emt 0:00:00]} 25. Qe2 {[%emt 0:00:06]} Nf4 {[%emt 0:00:01]} 26. Qxa6 {[%emt 0:00:03]} Nxh3+ {[%emt 0:00:00]} 27. Kh2 {[%emt 0:00:01]} Nf4 {[%emt 0:00:01]} 28. Qxb6 {[%emt 0:00:02]} h5 {[%emt 0:00:03]} 29. Ng5+ {[%emt 0:00:01]} Kg8 {[%emt 0:00:01]} 30. Nxf7 {[%emt 0:00:00]} Bxf7 {[%emt 0:00:00]} 31. Re7 {[%emt 0:00:03]} h4 {[%emt 0:00:05]} 32. Ne4 {[%emt 0:00:01]} Nd5 {[%emt 0:00:00]} 33. Qb7 {[%emt 0:00:01]} Nxe7 {[%emt 0:00:00]} 34. Qxe7 {[%emt 0:00:00]} Rde8 {[%emt 0:00:00]} 35. Qb7 {[%emt 0:00:01]} Bd5 {[%emt 0:00:01]} 36. Qxd5+ {[%emt 0:00:02]} Kh8 {[%emt 0:00:00]} 37. Ng5 {[%emt 0:00:00]} Rf5 {[%emt 0:00:02]} 38. Nf7+ {[%emt 0:00:01]} Kg8 {[%emt 0:00:00]} 39. Qd7 {[%emt 0:00:01]} Rxf7 {[%emt 0:00:02]} 40. Qxe8+ {[%emt 0:00:01]} Rf8 {[%emt 0:00:00]} 41. Bd5+ {[%emt 0:00:00]} Kh7 {[%emt 0:00:00]} 42. Qe6 {[%emt 0:00:01]} Be5+ {[%emt 0:00:00]} 43. g3 {[%emt 0:00:01]} Rf5 {[%emt 0:00:00] Time Time Time (Lag: Av=0.77s, max=1.3s) (Lag: Av=0.77s, max=1.3s) (Lag: Av=0.77s, max=1.3s)} 0-1

[Event "418 Stay Safe Play From Home series"]
[Site "Emanuel Lasker Arena"]
[Date "2020.08.28"]
[Round "6"]
[White "Schachwerk_64"]
[Black "Klasman"]
[Result "1-0"]
[WhiteElo "1971"]
[BlackElo "1257"]
[Annotator "NA"]
[PlyCount "45"]
[EventDate "2020.08.28"]
[EventType "swiss (blitz)"]

1. g3 {[%emt 0:00:01]} f5 {[%emt 0:00:01]} 2. Bg2 {[%emt 0:00:00]} e5 {[%emt 0:00:01]} 3. d3 {[%emt 0:00:00]} d5 {[%emt 0:00:01]} 4. Nd2 {[%emt 0:00:00]} c5 {[%emt 0:00:01]} 5. c4 {[%emt 0:00:00]} d4 {[%emt 0:00:02]} 6. b4 {[%emt 0:00:02]} b6 {[%emt 0:00:02]} 7. bxc5 {[%emt 0:00:01]} bxc5 {[%emt 0:00:01]} 8. Rb1 {[%emt 0:00:00]} e4 {[%emt 0:00:10]} 9. dxe4 {[%emt 0:00:02]} Be6 {[%emt 0:00:05]} 10. exf5 {[%emt 0:00:01]} Bxf5 {[%emt 0:00:06]} 11. Bxa8 {[%emt 0:00:01]} Bxb1 {[%emt 0:00:02]} 12. Qb3 {[%emt 0:00:05]} Bf5 {[%emt 0:00:05]} 13. Ngf3 {[%emt 0:00:02]} Nf6 {[%emt 0:00:02]} 14. Nb1 {[%emt 0:00:03]} Bd6 {[%emt 0:00:01]} 15. Nh4 {[%emt 0:00:05]} Be6 {[%emt 0:00:03]} 16. Bg2 {[%emt 0:00:05]} O-O {[%emt 0:00:01]} 17. Bg5 {[%emt 0:00:01]} Qc7 {[%emt 0:00:03]} 18. O-O {[%emt 0:00:02]} Nh5 {[%emt 0:00:05]} 19. Nd2 {[%emt 0:00:02]} h6 {[%emt 0:00:01]} 20. Bf4 {[%emt 0:00:03]} Bxf4 {[%emt 0:00:02]} 21. gxf4 {[%emt 0:00:01]} Qxf4 {[%emt 0:00:01]} 22. Ndf3 {[%emt 0:00:03]} Bg4 {[%emt 0:00:02]} 23. Qb7 {[%emt 0:00:03] Time Time Time (Lag: Av=0.48s, max=0.7s) (Lag: Av=0.48s, max=0.7s) (Lag: Av=0.48s, max=0.7s)} 1-0

[Event "418 Stay Safe Play From Home series"]
[Site "Emanuel Lasker Arena"]
[Date "2020.08.28"]
[Round "6"]
[White "W Nelles"]
[Black "Lazieri3"]
[Result "0-1"]
[WhiteElo "1255"]
[BlackElo "2049"]
[PlyCount "22"]
[EventDate "2020.08.28"]
[EventType "swiss (blitz)"]

1. g4 {[%emt 0:00:02]} c6 {[%emt 0:00:00]} 2. Bg2 {[%emt 0:00:01]} d5 {[%emt 0:00:00]} 3. f4 {[%emt 0:00:01]} Bxg4 {[%emt 0:00:01]} 4. h3 {[%emt 0:00:01]} Bf5 {[%emt 0:00:01]} 5. d3 {[%emt 0:00:02]} Nf6 {[%emt 0:00:01]} 6. Nf3 {[%emt 0:00:02]} h6 {[%emt 0:00:01]} 7. Ne5 {[%emt 0:00:01]} Nbd7 {[%emt 0:00:01]} 8. d4 {[%emt 0:00:02]} e6 {[%emt 0:00:02]} 9. Bd2 {[%emt 0:00:03]} Be4 {[%emt 0:00:02]} 10. Bxe4 {[%emt 0:00:01]} Nxe4 {[%emt 0:00:00]} 11. Nc3 {[%emt 0:00:02]} Qh4+ {[%emt 0:00:01] W Nelles gibt auf W Nelles gibt auf W Nelles gibt auf (Lag: Av=0.58s, max=0.8s) (Lag: Av=0.58s, max=0.8s) (Lag: Av=0.58s, max=0.8s)} 0-1

[Event "418 Stay Safe Play From Home series"]
[Site "Emanuel Lasker Arena"]
[Date "2020.08.28"]
[Round "7"]
[White "NTBT_DHS"]
[Black "TheCHESSHOUSE"]
[Result "1-0"]
[WhiteElo "2576"]
[BlackElo "2007"]
[PlyCount "45"]
[EventDate "2020.08.28"]
[EventType "swiss (blitz)"]

1. d4 {[%emt 0:00:01]} Nf6 {[%emt 0:00:05]} 2. Nc3 {[%emt 0:00:00]} g6 {[%emt 0:00:02]} 3. Bg5 {[%emt 0:00:00]} Bg7 {[%emt 0:00:09]} 4. e4 {[%emt 0:00:01]} d6 {[%emt 0:00:00]} 5. e5 {[%emt 0:00:00]} dxe5 {[%emt 0:00:01]} 6. dxe5 {[%emt 0:00:00]} Qxd1+ {[%emt 0:00:01]} 7. Rxd1 {[%emt 0:00:00]} Nfd7 {[%emt 0:00:02]} 8. Nd5 {[%emt 0:00:00]} Bxe5 {[%emt 0:00:06]} 9. Nf3 {[%emt 0:00:00]} Bd6 {[%emt 0:00:01]} 10. Bxe7 {[%emt 0:00:00]} Bxe7 {[%emt 0:00:08]} 11. Nxc7+ {[%emt 0:00:01]} Kf8 {[%emt 0:00:00]} 12. Nxa8 {[%emt 0:00:00]} Kg7 {[%emt 0:00:01]} 13. Nc7 {[%emt 0:00:01]} Nc6 {[%emt 0:00:01]} 14. Bb5 {[%emt 0:00:01]} Bb4+ {[%emt 0:00:01]} 15. c3 {[%emt 0:00:01]} Ba5 {[%emt 0:00:01]} 16. Nd5 {[%emt 0:00:00]} Re8+ {[%emt 0:00:02]} 17. Ne3 {[%emt 0:00:00]} Bb6 {[%emt 0:00:01]} 18. O-O {[%emt 0:00:01]} Bxe3 {[%emt 0:00:02]} 19. fxe3 {[%emt 0:00:00]} Rxe3 {[%emt 0:00:00]} 20. Bxc6 {[%emt 0:00:01]} bxc6 {[%emt 0:00:00]} 21. Rd6 {[%emt 0:00:01]} Nc5 {[%emt 0:00:02]} 22. Rxc6 {[%emt 0:00:01]} Ne4 {[%emt 0:00:05]} 23. Rxc8 {[%emt 0:00:01] TheCHESSHOUSE resigns TheCHESSHOUSE resigns TheCHESSHOUSE resigns (Lag: Av=0.69s, max=1.2s) (Lag: Av=0.69s, max=1.2s) (Lag: Av=0.69s, max=1.2s)} 1-0

[Event "418 Stay Safe Play From Home series"]
[Site "Emanuel Lasker Arena"]
[Date "2020.08.28"]
[Round "7"]
[White "Gokerkan"]
[Black "Nguyen Hong Anh"]
[Result "1-0"]
[WhiteElo "2554"]
[BlackElo "2240"]
[PlyCount "91"]
[EventDate "2020.08.28"]
[EventType "swiss (blitz)"]

1. e4 {[%emt 0:00:00]} c5 {[%emt 0:00:01]} 2. c3 {[%emt 0:00:01]} Nc6 {[%emt 0:00:00]} 3. d4 {[%emt 0:00:00]} cxd4 {[%emt 0:00:01]} 4. cxd4 {[%emt 0:00:00]} d6 {[%emt 0:00:01]} 5. Nc3 {[%emt 0:00:01]} g6 {[%emt 0:00:00]} 6. Nf3 {[%emt 0:00:00]} Bg7 {[%emt 0:00:00]} 7. h3 {[%emt 0:00:00]} Nf6 {[%emt 0:00:01]} 8. Be2 {[%emt 0:00:00]} O-O {[%emt 0:00:00]} 9. O-O {[%emt 0:00:00]} Bd7 {[%emt 0:00:01]} 10. Re1 {[%emt 0:00:01]} Rc8 {[%emt 0:00:01]} 11. Be3 {[%emt 0:00:01]} Na5 {[%emt 0:00:01]} 12. Rc1 {[%emt 0:00:01]} Nc4 {[%emt 0:00:01]} 13. Bxc4 {[%emt 0:00:00]} Rxc4 {[%emt 0:00:01]} 14. e5 {[%emt 0:00:00]} dxe5 {[%emt 0:00:01]} 15. dxe5 {[%emt 0:00:00]} Ne8 {[%emt 0:00:00]} 16. Bg5 {[%emt 0:00:03]} Nc7 {[%emt 0:00:01]} 17. Nd5 {[%emt 0:00:03]} Nxd5 {[%emt 0:00:04]} 18. Rxc4 {[%emt 0:00:01]} Be6 {[%emt 0:00:01]} 19. Nd4 {[%emt 0:00:02]} Bd7 {[%emt 0:00:03]} 20. e6 {[%emt 0:00:03]} fxe6 {[%emt 0:00:02]} 21. Nxe6 {[%emt 0:00:00]} Bxe6 {[%emt 0:00:01]} 22. Rxe6 {[%emt 0:00:00]} Qa5 {[%emt 0:00:04]} 23. b4 {[%emt 0:00:08]} Nxb4 {[%emt 0:00:03]} 24. Bxe7 {[%emt 0:00:05]} Qxa2 {[%emt 0:00:14]} 25. Rxb4 {[%emt 0:00:08]} Qxe6 {[%emt 0:00:03]} 26. Bxf8 {[%emt 0:00:01]} Bxf8 {[%emt 0:00:01]} 27. Rxb7 {[%emt 0:00:01]} a5 {[%emt 0:00:02]} 28. Ra7 {[%emt 0:00:04]} Qb6 {[%emt 0:00:03]} 29. Qd5+ {[%emt 0:00:01]} Kh8 {[%emt 0:00:02]} 30. Rxa5 {[%emt 0:00:05]} Qb1+ {[%emt 0:00:02]} 31. Kh2 {[%emt 0:00:01]} Qb8+ {[%emt 0:00:01]} 32. Qe5+ {[%emt 0:00:02]} Qxe5+ {[%emt 0:00:00]} 33. Rxe5 {[%emt 0:00:00]} Bd6 {[%emt 0:00:00]} 34. f4 {[%emt 0:00:00]} Bxe5 {[%emt 0:00:00]} 35. fxe5 {[%emt 0:00:00]} Kg7 {[%emt 0:00:00]} 36. Kg3 {[%emt 0:00:00]} Kf7 {[%emt 0:00:00]} 37. Kf4 {[%emt 0:00:00]} Ke6 {[%emt 0:00:00]} 38. Ke4 {[%emt 0:00:00]} g5 {[%emt 0:00:00]} 39. g3 {[%emt 0:00:01]} h6 {[%emt 0:00:00]} 40. g4 {[%emt 0:00:00]} Ke7 {[%emt 0:00:02]} 41. Kf5 {[%emt 0:00:00]} Kf7 {[%emt 0:00:00]} 42. e6+ {[%emt 0:00:00]} Ke7 {[%emt 0:00:01]} 43. Kg6 {[%emt 0:00:00]} Kxe6 {[%emt 0:00:00]} 44. Kxh6 {[%emt 0:00:00]} Kf6 {[%emt 0:00:00]} 45. Kh5 {[%emt 0:00:00]} Kg7 {[%emt 0:00:00]} 46. Kxg5 {[%emt 0:00:00]} 1-0

[Event "418 Stay Safe Play From Home series"]
[Site "Emanuel Lasker Arena"]
[Date "2020.08.28"]
[Round "7"]
[White "Tran Minh Thang"]
[Black "Fischer_11"]
[Result "1-0"]
[WhiteElo "2509"]
[BlackElo "2048"]
[Annotator "NA"]
[PlyCount "53"]
[EventDate "2020.08.28"]
[EventType "swiss (blitz)"]

1. Nf3 {[%emt 0:00:01]} Nf6 {[%emt 0:00:01]} 2. b3 {[%emt 0:00:00]} g6 {[%emt 0:00:00]} 3. Bb2 {[%emt 0:00:00]} Bg7 {[%emt 0:00:00]} 4. e3 {[%emt 0:00:00]} O-O {[%emt 0:00:00]} 5. Be2 {[%emt 0:00:00]} Ng4 {[%emt 0:00:00]} 6. Bxg7 {[%emt 0:00:01]} Kxg7 {[%emt 0:00:00]} 7. d4 {[%emt 0:00:00]} Nf6 {[%emt 0:00:00]} 8. O-O {[%emt 0:00:01]} d6 {[%emt 0:00:00]} 9. c4 {[%emt 0:00:00]} c5 {[%emt 0:00:00]} 10. Nc3 {[%emt 0:00:00]} cxd4 {[%emt 0:00:01]} 11. Nxd4 {[%emt 0:00:00]} Nc6 {[%emt 0:00:00]} 12. Bf3 {[%emt 0:00:01]} Nxd4 {[%emt 0:00:01]} 13. Qxd4 {[%emt 0:00:01]} a6 {[%emt 0:00:01]} 14. Rfd1 {[%emt 0:00:01]} Kg8 {[%emt 0:00:03]} 15. Rd2 {[%emt 0:00:02]} Qc7 {[%emt 0:00:01]} 16. Rad1 {[%emt 0:00:01]} h5 {[%emt 0:00:03]} 17. Nd5 {[%emt 0:00:01]} Nxd5 {[%emt 0:00:05]} 18. Bxd5 {[%emt 0:00:00]} Rb8 {[%emt 0:00:05]} 19. Qf4 {[%emt 0:00:03]} Bd7 {[%emt 0:00:02]} 20. Qg5 {[%emt 0:00:01]} e6 {[%emt 0:00:06]} 21. Be4 {[%emt 0:00:00]} d5 {[%emt 0:00:03]} 22. Bxg6 {[%emt 0:00:02]} fxg6 {[%emt 0:00:00]} 23. Qxg6+ {[%emt 0:00:00]} Kh8 {[%emt 0:00:00]} 24. Qxh5+ {[%emt 0:00:00]} Kg7 {[%emt 0:00:02]} 25. Qg5+ {[%emt 0:00:00]} Kh7 {[%emt 0:00:01]} 26. Rd4 {[%emt 0:00:00]} e5 {[%emt 0:00:19]} 27. Rh4# {[%emt 0:00:01] (Lag: Av=0.62s, max=1.2s) (Lag: Av=0.62s, max=1.2s) (Lag: Av=0.62s, max=1.2s)} 1-0

[Event "418 Stay Safe Play From Home series"]
[Site "Emanuel Lasker Arena"]
[Date "2020.08.28"]
[Round "7"]
[White "AChessPlayer"]
[Black "Schachwerk_64"]
[Result "1-0"]
[WhiteElo "2379"]
[BlackElo "1971"]
[Annotator "NA"]
[PlyCount "107"]
[EventDate "2020.08.28"]
[EventType "swiss (blitz)"]

1. Nf3 {[%emt 0:00:01]} d5 {[%emt 0:00:00]} 2. g3 {[%emt 0:00:00]} Nc6 {[%emt 0:00:02]} 3. Bg2 {[%emt 0:00:00]} e5 {[%emt 0:00:00]} 4. d3 {[%emt 0:00:00]} e4 {[%emt 0:00:00]} 5. dxe4 {[%emt 0:00:01]} dxe4 {[%emt 0:00:00]} 6. Qxd8+ {[%emt 0:00:00]} Kxd8 {[%emt 0:00:01]} 7. Ng5 {[%emt 0:00:01]} Nh6 {[%emt 0:00:03]} 8. Nxe4 {[%emt 0:00:03]} Be7 {[%emt 0:00:01]} 9. O-O {[%emt 0:00:02]} Bf5 {[%emt 0:00:01]} 10. Rd1+ {[%emt 0:00:01]} Kc8 {[%emt 0:00:01]} 11. c3 {[%emt 0:00:04]} Rd8 {[%emt 0:00:00]} 12. Rxd8+ {[%emt 0:00:01]} Kxd8 {[%emt 0:00:00]} 13. Bxh6 {[%emt 0:00:01]} gxh6 {[%emt 0:00:01]} 14. Nbd2 {[%emt 0:00:00]} Ke8 {[%emt 0:00:01]} 15. Nc4 {[%emt 0:00:01]} Rd8 {[%emt 0:00:01]} 16. Ne3 {[%emt 0:00:00]} Be6 {[%emt 0:00:02]} 17. b3 {[%emt 0:00:04]} f5 {[%emt 0:00:01]} 18. Bh3 {[%emt 0:00:08]} Bc8 {[%emt 0:00:04]} 19. Bxf5 {[%emt 0:00:01]} Kf8 {[%emt 0:00:05]} 20. Bxc8 {[%emt 0:00:01]} Rxc8 {[%emt 0:00:01]} 21. Rd1 {[%emt 0:00:00]} Rd8 {[%emt 0:00:02]} 22. Rxd8+ {[%emt 0:00:01]} Bxd8 {[%emt 0:00:00]} 23. Nd5 {[%emt 0:00:00]} Kf7 {[%emt 0:00:02]} 24. f4 {[%emt 0:00:01]} Ke6 {[%emt 0:00:00]} 25. c4 {[%emt 0:00:00]} Kf5 {[%emt 0:00:01]} 26. Nf2 {[%emt 0:00:01]} Nd4 {[%emt 0:00:01]} 27. e4+ {[%emt 0:00:01]} Kg6 {[%emt 0:00:02]} 28. Kg2 {[%emt 0:00:00]} Ne2 {[%emt 0:00:01]} 29. Kf3 {[%emt 0:00:01]} Nc1 {[%emt 0:00:01]} 30. f5+ {[%emt 0:00:01]} Kf7 {[%emt 0:00:01]} 31. e5 {[%emt 0:00:01]} Nxa2 {[%emt 0:00:01]} 32. e6+ {[%emt 0:00:01]} Ke8 {[%emt 0:00:01]} 33. f6 {[%emt 0:00:00]} Bxf6 {[%emt 0:00:01]} 34. Nxf6+ {[%emt 0:00:01]} Ke7 {[%emt 0:00:00]} 35. Nxh7 {[%emt 0:00:02]} Kxe6 {[%emt 0:00:00]} 36. g4 {[%emt 0:00:00]} Ke5 {[%emt 0:00:02]} 37. h4 {[%emt 0:00:00]} Nc3 {[%emt 0:00:01]} 38. Nd3+ {[%emt 0:00:01]} Kd4 {[%emt 0:00:01]} 39. Nf4 {[%emt 0:00:00]} Nd1 {[%emt 0:00:01]} 40. g5 {[%emt 0:00:00]} hxg5 {[%emt 0:00:02]} 41. hxg5 {[%emt 0:00:00]} Ne3 {[%emt 0:00:00]} 42. g6 {[%emt 0:00:01]} Nf5 {[%emt 0:00:00]} 43. Ng5 {[%emt 0:00:02]} Nh4+ {[%emt 0:00:01]} 44. Ke2 {[%emt 0:00:01]} Nxg6 {[%emt 0:00:00]} 45. Nxg6 {[%emt 0:00:00]} Kc3 {[%emt 0:00:00]} 46. Ne5 {[%emt 0:00:02]} Kxb3 {[%emt 0:00:01]} 47. Ne4 {[%emt 0:00:00]} c6 {[%emt 0:00:01]} 48. Kd3 {[%emt 0:00:01]} b5 {[%emt 0:00:00]} 49. c5 {[%emt 0:00:00]} b4 {[%emt 0:00:01]} 50. Nxc6 {[%emt 0:00:01]} Ka4 {[%emt 0:00:01]} 51. Kc4 {[%emt 0:00:00]} b3 {[%emt 0:00:01]} 52. Nc3+ {[%emt 0:00:01]} Ka3 {[%emt 0:00:01]} 53. Nb4 {[%emt 0:00:00]} b2 {[%emt 0:00:00]} 54. Nc2# {[%emt 0:00:01] (Lag: Av=0.69s, max=1.6s) (Lag: Av=0.69s, max=1.6s) (Lag: Av=0.69s, max=1.6s)} 1-0

[Event "418 Stay Safe Play From Home series"]
[Site "Emanuel Lasker Arena"]
[Date "2020.08.28"]
[Round "7"]
[White "Lazieri3"]
[Black "Klasman"]
[Result "1-0"]
[WhiteElo "2049"]
[BlackElo "1257"]
[PlyCount "43"]
[EventDate "2020.08.28"]
[EventType "swiss (blitz)"]

1. e4 {[%emt 0:00:01]} f5 {[%emt 0:00:03]} 2. Nc3 {[%emt 0:00:00]} e5 {[%emt 0:00:04]} 3. exf5 {[%emt 0:00:02]} Nf6 {[%emt 0:00:05]} 4. d4 {[%emt 0:00:01]} exd4 {[%emt 0:00:03]} 5. Qxd4 {[%emt 0:00:00]} Nc6 {[%emt 0:00:01]} 6. Qh4 {[%emt 0:00:03]} d5 {[%emt 0:00:02]} 7. Bd3 {[%emt 0:00:03]} Bb4 {[%emt 0:00:03]} 8. Bg5 {[%emt 0:00:03]} d4 {[%emt 0:00:01]} 9. a3 {[%emt 0:00:03]} Ba5 {[%emt 0:00:01]} 10. b4 {[%emt 0:00:03]} Nxb4 {[%emt 0:00:01]} 11. axb4 {[%emt 0:00:01]} Bxb4 {[%emt 0:00:01]} 12. Bxf6 {[%emt 0:00:02]} Qxf6 {[%emt 0:00:04]} 13. Qh5+ {[%emt 0:00:01]} g6 {[%emt 0:00:02]} 14. fxg6 {[%emt 0:00:02]} Bxc3+ {[%emt 0:00:01]} 15. Kd1 {[%emt 0:00:05]} Bg4+ {[%emt 0:00:13]} 16. Qxg4 {[%emt 0:00:02]} Bxa1 {[%emt 0:00:02]} 17. Nf3 {[%emt 0:00:04]} O-O {[%emt 0:00:03]} 18. gxh7+ {[%emt 0:00:03]} Kh8 {[%emt 0:00:01]} 19. Re1 {[%emt 0:00:05]} Bc3 {[%emt 0:00:02]} 20. Re6 {[%emt 0:00:02]} Qf7 {[%emt 0:00:03]} 21. Ng5 {[%emt 0:00:02]} Qxe6 {[%emt 0:00:02]} 22. Nxe6 {[%emt 0:00:02] Time Time Time (Lag: Av=0.54s, max=0.8s) (Lag: Av=0.54s, max=0.8s) (Lag: Av=0.54s, max=0.8s)} 1-0

[Event "418 Stay Safe Play From Home series"]
[Site "Emanuel Lasker Arena"]
[Date "2020.08.28"]
[Round "7"]
[White "Yuriko"]
[Black "W Nelles"]
[Result "1-0"]
[WhiteElo "2031"]
[BlackElo "1255"]
[PlyCount "55"]
[EventDate "2020.08.28"]
[EventType "swiss (blitz)"]

1. d4 {[%emt 0:00:02]} e6 {[%emt 0:00:01]} 2. c4 {[%emt 0:00:00]} Nf6 {[%emt 0:00:01]} 3. Nc3 {[%emt 0:00:00]} Bb4 {[%emt 0:00:01]} 4. Nf3 {[%emt 0:00:00]} Bxc3+ {[%emt 0:00:01]} 5. bxc3 {[%emt 0:00:01]} Ne4 {[%emt 0:00:01]} 6. Qc2 {[%emt 0:00:00]} O-O {[%emt 0:00:01]} 7. Qxe4 {[%emt 0:00:01]} d5 {[%emt 0:00:01]} 8. cxd5 {[%emt 0:00:01]} Qxd5 {[%emt 0:00:01]} 9. Qd3 {[%emt 0:00:00]} Nc6 {[%emt 0:00:02]} 10. e4 {[%emt 0:00:01]} Qa5 {[%emt 0:00:03]} 11. Be2 {[%emt 0:00:01]} Bd7 {[%emt 0:00:02]} 12. O-O {[%emt 0:00:01]} f6 {[%emt 0:00:02]} 13. d5 {[%emt 0:00:01]} exd5 {[%emt 0:00:01]} 14. exd5 {[%emt 0:00:00]} Ne5 {[%emt 0:00:02]} 15. Nxe5 {[%emt 0:00:00]} fxe5 {[%emt 0:00:01]} 16. c4 {[%emt 0:00:01]} Bf5 {[%emt 0:00:04]} 17. Qb3 {[%emt 0:00:01]} Qb6 {[%emt 0:00:02]} 18. Be3 {[%emt 0:00:02]} Qxb3 {[%emt 0:00:02]} 19. axb3 {[%emt 0:00:00]} b6 {[%emt 0:00:01]} 20. Bf3 {[%emt 0:00:03]} e4 {[%emt 0:00:02]} 21. Be2 {[%emt 0:00:01]} Rf6 {[%emt 0:00:02]} 22. Bd4 {[%emt 0:00:00]} Rg6 {[%emt 0:00:02]} 23. Rfe1 {[%emt 0:00:01]} Bh3 {[%emt 0:00:02]} 24. Bf1 {[%emt 0:00:00]} Bf5 {[%emt 0:00:01]} 25. g3 {[%emt 0:00:01]} Re8 {[%emt 0:00:02]} 26. Rxa7 {[%emt 0:00:02]} Bg4 {[%emt 0:00:04]} 27. Bg2 {[%emt 0:00:02]} Bf3 {[%emt 0:00:01]} 28. Bxf3 {[%emt 0:00:01] Zeit Zeit Zeit (Lag: Av=0.55s, max=1.1s) (Lag: Av=0.55s, max=1.1s) (Lag: Av=0.55s, max=1.1s)} 1-0